000 00782nas a2200241 i 4500
001 550
003 ES-MaACL
005 20250217133821.0
007 t|
008 950801d19461968xxk | | 1 ||ng d
022 _a0366-0826
245 0 0 _aBritish Journal of Pharmacology and Chemotherapy.
260 _aLondon :
_bBritish Pharmacological Society, British Medical Association,
_c1946-1968 (
_fFisher Knignt)
300 _a5 v. ;
_c25 cm.
310 _aTrimestral
362 0 _aV. I (mar. 1946)-(1968)
650 1 4 _aFarmacología.
_912725
710 2 _aBritish Medical Association (Londres)
_92245
710 2 _aBritish Pharmacological Society (
_cLondres)
_9134200
852 _aES-MaACL
_jHEM-H-233
_xhem-1402
_d
866 0 _o1946(1947f.n.1-2)(1948).
999 _c550
_d550